000
00285nam a22001217a 4500
003
OSt
008
250207b |||||||| |||| 00| 0 eng d
041
_a
eng
100
_a
Lakshmi Narayanan, V
_9
7106
245
_a
Text Book of Machine Drawing
700
_a
Mathur, ML
_9
7084
942
_c
BK
999
_c
19338
_d
19338